Odkaz zmizelých : židovští obyvatelé jižního Plzeňska : katalog výstavy /

Main Author: Červenka, Michal
Corporate Author: Muzeum Jižního Plzeňska (Blovice, Česko)
Other Authors: Vlčková, Alena, 1947-, Klepsová, Eva, 1983-
Language: Czech
Published: Blovice : Muzeum jižního Plzeňska v Blovicích, p.o., 2024
Edition: 1. vydání
Subjects:
Physical Description: 113 stran : ilustrace (převážně barevné), plány ; 30 cm
Book
Saved in:
LEADER 02558nam a2200625 i 4500
001 nkc20243644542
003 CZ PrNK
005 20250312143211.0
007 ta
008 241125s2024 xr ae e c 000 0dcze
015 |a cnb003644542 
020 |a 978-80-87495-30-8  |q (brožováno) 
035 |a (OCoLC)1514347841 
040 |a BOA001  |b cze  |d ABA001  |e rda 
043 |a e-xr---  |b e-xr-pl  |2 czenas 
072 7 |a 94(437)  |x Dějiny Česka a Slovenska  |2 Konspekt  |9 8 
080 |a (=411.16)  |2 MRF 
080 |a 94(=411.16)  |2 MRF 
080 |a 26-774/-775  |2 MRF 
080 |a 904(=411.16)  |2 MRF 
080 |a 94(437.317)  |2 MRF 
080 |a (437.317)  |2 MRF 
080 |a (083.824)  |2 MRF 
100 1 |a Červenka, Michal  |7 xx0270063  |4 aut 
245 1 0 |a Odkaz zmizelých :  |b židovští obyvatelé jižního Plzeňska : katalog výstavy /  |c text: Michal Červenka, Alena Vlčková, Eva Horová 
246 3 0 |a Židovští obyvatelé jižního Plzeňska 
250 |a 1. vydání 
264 1 |a Blovice :  |b Muzeum jižního Plzeňska v Blovicích, p.o.,  |c 2024 
300 |a 113 stran :  |b ilustrace (převážně barevné), plány ;  |c 30 cm 
336 |a text  |b txt  |2 rdacontent 
336 |a statický obraz  |b sti  |2 rdacontent 
337 |a bez média  |b n  |2 rdamedia 
338 |a svazek  |b nc  |2 rdacarrier 
500 |a Katalog k výstavě Odkaz zmizelých - židovští obyvatelé jižního Plzeňska, konané 24.10.2024-5.4.2025 v Muzeu jižního Plzeňska v Blovicích 
504 |a Obsahuje bibliografii 
650 0 7 |a Židé  |7 ph127782  |z Česko  |2 czenas 
650 0 7 |a dějiny Židů  |7 ph489410  |z Česko  |2 czenas 
650 0 7 |a židovské obce  |7 ph128003  |z Česko  |2 czenas 
650 0 7 |a židovské památky  |7 ph135231  |z Česko  |2 czenas 
650 0 9 |a Jews  |z Czechia  |2 eczenas 
650 0 9 |a history of the Jews  |z Czechia  |2 eczenas 
650 0 9 |a Jewish communities  |z Czechia  |2 eczenas 
650 0 9 |a Jewish monuments  |z Czechia  |2 eczenas 
651 7 |a Plzeň (Česko : jižní oblast)  |7 ge206414  |x dějiny  |2 czenas 
651 9 |a Plzeň Region, Southern (Czechia)  |x history  |2 eczenas 
655 7 |a katalogy výstav  |7 fd132536  |2 czenas 
655 9 |a exhibition catalogs  |2 eczenas 
700 1 |a Vlčková, Alena,  |d 1947-  |7 pna2010554365  |4 aut 
700 1 |a Klepsová, Eva,  |d 1983-  |7 pna2009551222  |4 aut 
710 2 |a Muzeum Jižního Plzeňska (Blovice, Česko)  |7 xx0014069  |4 orm  |4 isb 
910 2 |a BOA001  |b 4-1539.619 
990 |a BK 
995 |a 01 
991 |b 202503  |c NOV 
996 6 |b 2610995987  |c 4-1539.619  |l MZK  |r Sklad / do 1 hodiny  |n 0  |p p.v.  |w 001996754  |u 000010  |a 1  |e BOA001  |j MZK50  |s P